الرحله التنوخيه رحلة عزالدين التنوخي من الزرقاء إلى القريات : (رقم التسجيلة. 21778)
[ عرض عادي ]
| 000 -LEADER | |
|---|---|
| fixed length control field | 00624nam a22001697a 4500 |
| 005 - DATE AND TIME OF LATEST TRANSACTION | |
| control field | 20251108165207.0 |
| 008 - FIXED-LENGTH DATA ELEMENTS--GENERAL INFORMATION | |
| fixed length control field | 250721s1985 xx 000 0 ara d |
| 082 14 - DEWEY DECIMAL CLASSIFICATION NUMBER | |
| Classification number | 910.4/رحل |
| 100 1# - MAIN ENTRY--PERSONAL NAME | |
| Personal name | جبر، يحيى عبد الرؤوف |
| Relator term | جامع |
| 245 10 - TITLE STATEMENT | |
| Title | الرحله التنوخيه رحلة عزالدين التنوخي من الزرقاء إلى القريات : |
| Remainder of title | رحلة عزالدين التنوخي من الزرقاء إلى القريات / |
| 264 1# - PRODUCTION, PUBLICATION, DISTRIBUTION, MANUFACTURE, AND COPYRIGHT NOTICE | |
| Place of production, publication, distribution, manufacture | عمان : |
| Date of production, publication, distribution, manufacture, or copyright notice | 1985. |
| 300 ## - PHYSICAL DESCRIPTION | |
| Extent | 64ص. |
| 490 0# - SERIES STATEMENT | |
| Series statement | الأسفار العربيه ؛4 |
| 650 17 - SUBJECT ADDED ENTRY--TOPICAL TERM | |
| Topical term or geographic name as entry element | السفر |
| 942 ## - ADDED ENTRY ELEMENTS (KOHA) | |
| Source of classification or shelving scheme | Dewey Decimal Classification |
| Koha item type | كتب |
| حالة السحب | حالة الفقدان | مصدر التصنيف | حالة التلف | غير قابل للإعارة | المكتبة الرئيسية | المكتبة الحالية | موقع الرف | تاريخ التزويد | الرقم المتسلسل | Total Checkouts | رقم الإستدعاء | تاريخ آخر ظهور | تاريخ الفاتورة | نوع المادة (كوها) | الباركود |
|---|---|---|---|---|---|---|---|---|---|---|---|---|---|---|---|
| Dewey Decimal Classification | مكتبة أبو علندا العامة | مكتبة أبو علندا العامة | الإعارة | 06/07/2004 | 839 | 910.4/رحل | 28/07/2025 | 06/07/2004 | كتب | DUP-01_839 | |||||
| Dewey Decimal Classification | Unchecked | مكتبة الجويدة | مكتبة الجويدة | الإعارة | 06/07/2004 | 568 | 910.4/رحل | 28/07/2025 | 06/07/2004 | كتب | |||||
| Dewey Decimal Classification | Unchecked | مكتبة الحسن العامة | مكتبة الحسن العامة | الإعارة | 06/07/2004 | 1368 | 910.4/رحل | 28/07/2025 | 06/07/2004 | كتب | |||||
| Dewey Decimal Classification | مكتبة النصر العامة | مكتبة النصر العامة | الإعارة | 05/04/2015 | [ 943 ]] | 910.4/رحل | 28/07/2025 | 05/04/2015 | كتب | PLD00382177 | |||||
| Dewey Decimal Classification | Not For Loan | مكتبة تاريخ الأردن | مكتبة تاريخ الأردن | لا يعار | 09/11/2009 | 1329608 | 910.4/رحل | 28/07/2025 | 09/11/2009 | كتب | PLD00117948 |